000 00617nam a2200205Ii 4500
003 JO-AjNU
008 230605s9999||||xx |||||||||||||| ||und||
040 _aJO-AjNU
_bara
_erda
_cJO-AjNU
041 _aara
050 1 4 _aQL781.A283 1987
100 3 _aابو خليل ، شوقي,
_eauthor
_99620
245 0 0 _aغريزة ام تقدير الهي
250 _aط2
264 3 1 _aعمان:دار الفكر ، 1978
300 _a130ص
336 _atext
_btxt
_2rdacontent
337 _aunmediated
_bn
_2rdamedia
338 _avolume
_bnc
_2rdacarrier
650 4 _aالغرائز-الاسلام والعلم
_99621
999 _aA1394
_c4962
_d4962